000 00458nam a22001577a 4500
005 20251108172259.0
008 250721s1987 xx 000 0 ara d
082 1 4 _a613.85/إبر
100 1 _aعامر، إبراهيم محمد
245 1 0 _aالتدخين و أضراره على الجسم و العين /
264 1 _aجدة :
_bدار السعودية،
_c1987.
300 _a85ص
650 1 7 _aالتدخين
942 _2ddc
_cBK
999 _c75022
_d75022